Fünf größte Einwanderergruppen nach Land #1 - Statistiken

Allgemein
  • Dieses Quiz wurde 138 mal gespielt
  • Das Durchschnittsergebnis liegt bei 22 aus 35
Antwortstatistiken
Ranking Country % Korrekt
Deutschland Türkei
94%
Vereinigte Staaten Mexiko
92%
Deutschland Syrien
88%
Schweiz, Vereinigtes Königreich Deutschland
87%
Vereinigte Staaten, Australien, Vereinigtes Königreich, Bahrain Indien
82%
Brasilien Japan
82%
Russland Ukraine
82%
Vereinigte Staaten, Australien China
80%
Deutschland, Vereinigtes Königreich Polen
78%
Deutschland Russland
78%
Schweiz, Frankreich, Brasilien Italien
75%
Frankreich Algerien
71%
Schweiz Frankreich
70%
Frankreich Marokko
70%
Russland, Deutschland Kasachstan
65%
Vereinigtes Königreich, Bahrain Pakistan
65%
Australien Vereinigtes Königreich
63%
China Indonesien
62%
China Südkorea
62%
Vereinigtes Königreich Irland
61%
Australien Neuseeland
60%
Schweiz, Frankreich, Brasilien Portugal
59%
Vereinigte Staaten, Australien Vietnam
59%
China Brasilien
55%
Bahrain Bangladesch
48%
Bahrain Ägypten
47%
Russland Belarus
46%
Frankreich Tunesien
46%
Russland Usbekistan
46%
Vereinigte Staaten, China, Bahrain Philippinen
44%
China Taiwan
40%
Brasilien Bolivien
38%
Schweiz Serbien
35%
Brasilien Paraguay
31%
Russland Aserbaidschan
24%
Keine übereinstimmenden Quizze gefunden
Verteilung der Resultate
Anzahl Personen mit jedem Resultat
Perzentil nach korrekt beantworteten Fragen
Ihre Resultats-Entwicklung
Sie haben dieses Quiz noch nicht gespielt